|
|
|
|
| LEADER |
01991njm a2200445 a 4500 |
| 001 |
000251516 |
| 003 |
CZ BrMZK |
| 005 |
20180308152438.0 |
| 008 |
950101s1964 xr f cze d |
| 028 |
0 |
3 |
|a DV 6036
|b Supraphon
|
| 040 |
|
|
|a BOA001
|b cze
|
| 080 |
|
|
|a 784.4(086.7)
|2 MRF
|
| 080 |
|
|
|a 782.8(086.7)
|2 MRF
|
| 080 |
|
|
|a 782.91(086.7)
|2 MRF
|
| 100 |
1 |
|
|a Weill, Kurt,
|d 1900-1950
|7 jn20000701946
|4 cmp
|
| 245 |
1 |
0 |
|a Žebrácká opera
|h [zvukový záznam] :
|b výběr písní z hudební hry o 3 dějstvích /
|c Kurt Weill, Bertolt Brecht.
|
| 260 |
|
|
|a Praha :
|b Supraphon,
|c 1964
|
| 300 |
|
|
|a 1 LP :
|b 33 ot/min ;
|c 30 cm
|
| 306 |
|
|
|a 001730
|a 001735
|
| 490 |
1 |
|
|a Gramofonový klub. Řada jazzové a zábavné hudby
|
| 500 |
|
|
|a Durata 17:30, 17:35
|
| 500 |
|
|
|a Nahr. 1963
|
| 511 |
0 |
|
|a Miloš Kopecký, zpěv; František Filipovský, zpěv; Nelly Gaierová, zpěv ... [et al.]. Komorní instrumentální soubor; Malý smíšený sbor, dir. Vlastimil Pinkas.
|
| 653 |
0 |
|
|a muzikály
|a scénická hudba
|a jazzové písně
|a populární písně
|
| 700 |
1 |
|
|a Fialová, Vlasta,
|d 1928-1998
|7 jn19981001104
|4 prf
|
| 700 |
1 |
|
|a Filipovský, František,
|d 1907-1993
|7 jk01031193
|4 prf
|
| 700 |
1 |
|
|a Gaierová, Nelly,
|d 1908-1995
|7 jn20000400750
|4 prf
|
| 700 |
1 |
|
|a Kačírková, Irena,
|d 1925-1985
|7 jn19990209332
|4 prf
|
| 700 |
1 |
|
|a Kopecký, Miloš,
|d 1922-1996
|7 jk01061686
|4 prf
|
| 700 |
1 |
|
|a Krečmer, Ladislav,
|d 1926-1993
|7 xx0119613
|4 prf
|
| 700 |
1 |
|
|a Pinkas, Vlastimil,
|d 1924-
|7 jn20000620279
|4 cnd
|
| 700 |
1 |
|
|a Brecht, Bertolt,
|d 1898-1956
|7 jn19990001059
|4 aut
|
| 700 |
1 |
|
|a Brousek, Otakar,
|d 1924-2014
|7 jn19981000335
|4 prf
|
| 830 |
|
0 |
|a Gramofonový klub.
|p Řada jazzové a zábavné hudby
|
| 910 |
|
|
|a BOA001
|b LP-0005.174
|
| 964 |
|
|
|a Hudba scénická
|x LP
|
| 964 |
|
|
|a Muzikály
|x písně
|x výběry
|x LP
|
| 964 |
|
|
|a Hudba populární
|z stol.20.,pol.1.
|x LP
|
| 990 |
|
|
|a AV
|
| 996 |
6 |
|
|b 261H005348
|c LP-0005.174
|l MZK
|r Sklad / do 24 hodin
|n 1
|p kup
|w 000251516
|u 000010
|a 1
|e BOA001
|j MZK50
|s P
|